Математическое моделирование производственного и финансового менеджмента: учебное пособие

Podrobná bibliografie
Hlavní autor: Савиных В. Н. Вячеслав Николаевич
Shrnutí:Учебное пособие содержит теоретические положения и методику выполнения индивидуальных расчетно-графических и лабораторных работ по темам математического моделирования производственного и финансового менеджмента. На примерах решения типовых задач изучаются методы оптимизации управления производством, коммерцией и финансами, а также показываются приемы компьютерной реализации соответствующих моделей в среде Excel. Главной целью учебного пособия является оказание методической помощи в самостоятельном решении студентом предложенного ему индивидуального набора задач по всем темам курса "Экономико-математические методы". Для студентов III и IV курсов специальности 080507 "Менеджмент организации" и направления 080500 "Менеджмент".
Jazyk:ruština
Vydáno: Москва, КноРус, 2009
Témata:
Médium: MixedMaterials Kniha
KOHA link:https://koha.lib.tpu.ru/cgi-bin/koha/opac-detail.pl?biblionumber=198477

MARC

LEADER 00000nam0a2200000 4500
001 198477
005 20231101224823.0
010 |a 9785390001967 
035 |a (RuTPU)RU\TPU\book\216468 
090 |a 198477 
100 |a 20110629d2009 m y0rusy50 ca 
101 0 |a rus 
102 |a RU 
105 |a a j 001zy 
200 1 |a Математическое моделирование производственного и финансового менеджмента  |e учебное пособие  |f В. Н. Савиных 
210 |a Москва  |c КноРус  |d 2009 
215 |a 192 с.  |c ил. 
320 |a Библиогр.: с. 191-192. 
330 |a Учебное пособие содержит теоретические положения и методику выполнения индивидуальных расчетно-графических и лабораторных работ по темам математического моделирования производственного и финансового менеджмента. На примерах решения типовых задач изучаются методы оптимизации управления производством, коммерцией и финансами, а также показываются приемы компьютерной реализации соответствующих моделей в среде Excel. Главной целью учебного пособия является оказание методической помощи в самостоятельном решении студентом предложенного ему индивидуального набора задач по всем темам курса "Экономико-математические методы". Для студентов III и IV курсов специальности 080507 "Менеджмент организации" и направления 080500 "Менеджмент". 
606 1 |a Производственный менеджмент  |2 stltpush  |3 (RuTPU)RU\TPU\subj\68602  |9 83809 
606 1 |a Финансовый менеджмент  |2 stltpush  |3 (RuTPU)RU\TPU\subj\37217  |9 58322 
610 1 |a экономика 
610 1 |a математическое моделирование 
610 1 |a линейное программирование 
610 1 |a управление 
610 1 |a двойственность 
610 1 |a Excel 
610 1 |a ресурсы 
610 1 |a коммерческие банки 
610 1 |a денежные средства 
610 1 |a транспортировка 
610 1 |a сетевое моделирование 
610 1 |a игровое моделирование 
610 1 |a оптовые закупки 
610 1 |a розничные продажи 
610 1 |a целочисленное линейное программирование 
610 1 |a нелинейное программирование 
610 1 |a риски 
610 1 |a доходность 
610 1 |a производство 
610 1 |a математические модели 
610 1 |a расчеты 
610 1 |a учебные пособия 
686 |a У9(2)29-2я73  |v LBC/SL-A  |2 rubbk 
686 |a У9(2)261.11я73  |v LBC/SL-A  |2 rubbk 
700 1 |a Савиных  |b В. Н.  |g Вячеслав Николаевич 
801 1 |a RU  |b 63413507  |c 20110629 
801 2 |a RU  |b 63413507  |c 20131024  |g RCR 
900 |a Математическое моделирование менеджмента 
942 |c BK 
951 |b 080200 
959 |a 63/20110629  |d 1  |e 100,00  |f ЧЗТЛ:1